000
00247nam a2200097Ia 4500
008
240331s9999 xx 000 0 und d
082
_b
CHI
100
_a
Logo. ed
245
4
_a
The Chinese Revolution and us :
_b
Logos-Vol.14,No.2, June 1975
942
_c
L
999
_c
2744
_d
2744